№ 7 (139); Справочник эколога

Detaylı Bibliyografya
Parent link:Справочник эколога. № 7 (139).— .— Москва: ООО «Профессиональное издательство», 2013-.— 2309-6268
Özet:Текстовый файл
AM_alexhom
Dil:Rusça
Baskı/Yayın Bilgisi: 2024
Online Erişim:https://kiosker.ru/publication/6-spravochnik-ekologa/issue/1005031/
Materyal Türü: Elektronik Kitap
KOHA link:https://koha.lib.tpu.ru/cgi-bin/koha/opac-detail.pl?biblionumber=674898

MARC

LEADER 00000nam2a2200000 4500
001 674898
005 20240923162013.0
090 |a 674898 
100 |a 20240923d2024 km|y0rusy50 ca 
101 0 |a rus 
102 |a RU 
105 |a a z 000yy 
135 |a drcn ---uucaa 
181 0 |a i   |b  e  
182 0 |a b 
183 |a cr  |2 RDAcarrier 
200 0 |a № 7 (139) 
203 |a Текст  |c электронный  |b визуальный 
210 |d 2024 
283 |a online_resource  |2 RDAcarrier 
336 |a Текстовый файл 
371 0 |a AM_alexhom 
461 1 |0 585563  |t Справочник эколога  |v № 7 (139)  |d 2013-  |9 585563  |c Москва  |n ООО «Профессиональное издательство»  |x 2309-6268 
801 0 |a RU  |b 63413507  |c 20240923  |g RCR 
850 |a 63413507 
856 4 0 |u https://kiosker.ru/publication/6-spravochnik-ekologa/issue/1005031/  |z https://kiosker.ru/publication/6-spravochnik-ekologa/issue/1005031/ 
942 |c CR